Detalles MARC
| 000 -CABECERA |
| campo de control de longitud fija |
02140nam a2200301 i 4500 |
| 003 - IDENTIFICADOR DEL NÚMERO DE CONTROL |
| campo de control |
DO-SdBNP |
| 005 - FECHA Y HORA DE LA ÚLTIMA TRANSACCIÓN |
| campo de control |
20250611073819.0 |
| 007 - CAMPO FIJO DE DESCRIPCIÓN FÍSICA--INFORMACIÓN GENERAL |
| campo de control de longitud fija |
ta |
| 008 - DATOS DE LONGITUD FIJA--INFORMACIÓN GENERAL |
| campo de control de longitud fija |
240820s2022 dr 000 j spa d |
| 020 ## - NÚMERO INTERNACIONAL ESTÁNDAR DEL LIBRO |
| Número Internacional Estándar del Libro |
9789945621327 |
| 040 ## - FUENTE DE LA CATALOGACIÓN |
| Centro catalogador/agencia de origen |
DO-SdBNP |
| Lengua de catalogación |
spa |
| Centro/agencia transcriptor |
BNPHU |
| Normas de descripción |
rda |
| 082 ## - NÚMERO DE LA CLASIFICACIÓN DECIMAL DEWEY |
| Número de edición |
22 |
| Número de documento/Ítem |
R426g |
| 110 1# - ENTRADA PRINCIPAL--NOMBRE DE ENTIDAD CORPORATIVA |
| Nombre de entidad corporativa o nombre de jurisdicción como elemento de entrada |
República Dominicana. |
| Unidad subordinada |
Ministerio de Salud Pública |
| 9 (RLIN) |
80830 |
| 245 10 - MENCIÓN DE TÍTULO |
| Título |
Guía nacional para la atención de la coinfección TB y VIH / |
| 264 #1 - PRODUCCIÓN, PUBLICACIÓN, DISTRIBUCIÓN, FABRICACIÓN Y COPYRIGHT |
| Producción, publicación, distribución, fabricación y copyright |
Santo Domingo : |
| Nombre del de productor, editor, distribuidor, fabricante |
Mspas, |
| Fecha de producción, publicación, distribución, fabricación o copyright |
[2022]. |
| 300 ## - DESCRIPCIÓN FÍSICA |
| Extensión |
113 páginas, |
| Dimensiones |
21 cm. |
| 336 ## - TIPO DE CONTENIDO |
| Fuente |
rdacontent |
| Término de tipo de contenido |
texto |
| Código de tipo de contenido |
txt |
| 337 ## - TIPO DE MEDIO |
| Fuente |
rdamedia |
| Nombre/término del tipo de medio |
sin mediación |
| Código del tipo de medio |
n |
| 338 ## - TIPO DE SOPORTE |
| Fuente |
rdacarrier |
| Nombre/término del tipo de soporte |
volumen |
| Código del tipo de soporte |
nc |
| 500 ## - NOTA GENERAL |
| Nota general |
Libro en espiral. |
| 504 ## - NOTA DE BIBLIOGRAFÍA, ETC. |
| Nota de bibliografía, etc. |
Bibliografía p: 102-105. |
| 520 ## - SUMARIO, ETC. |
| Sumario, etc. |
La pandemia de la infección por el VIH representa un importante desafío para el control de la tuberculosis (TB) a nivel nacional, constituyó el 26% de los casos registrados con resultados de prueba de VIH (852/3749) en el 2019. Al mismo tiempo la tuberculosis fue una de las principales causas de muertes en personas viviendo con VIH, 50% (131/260) en el mismo periodo; esto atribuido a demoras en el diagnóstico en personas coinfectadas TB/VIH. Para el 2018 la Organización Mundial de la Salud (OMS) estimó que a nivel mundial 10 millones de personas enfermaron de tuberculosis (TB), de los cuales 1.5 fallecieron a causa de la enfermedad y dentro de estas 251,000 eran personas viviendo con VIH. La TB es la causa principal de muerte en personas con VIH30 . La coinfección TB/VIH es un problema de salud pública a nivel mundial, siendo el Caribe una de las áreas de mayor incidencia y prevalencia de casos en la Región de las Américas.<br/><br/>Estandarizar y unificar los lineamientos sobre prevención, diagnóstico y tratamiento de la coinfección TB/VIH de manera integral y coordinada entre los programas de control de la tuberculosis y control de VIH, basados en evidencia científica. |
| 590 ## - NOTA LOCAL (RLIN) |
| Nota local |
Inventariado, 2024/ YL |
| 650 #4 - PUNTO DE ACCESO ADICIONAL DE MATERIA--TÉRMINO DE MATERIA |
| Término de materia o nombre geográfico como elemento de entrada |
Tuberculosis |
| Subdivisión general |
Tratamiento |
| 9 (RLIN) |
79001 |
| 710 1# - PUNTO DE ACCESO ADICIONAL--NOMBRE DE ENTIDAD CORPORATIVA |
| Nombre de entidad corporativa o nombre de jurisdicción como elemento de entrada |
Ministerio de Salud Pública y Asistencia Social |
| 9 (RLIN) |
86348 |
| 910 ## - DATOS DE OPCIÓN DEL USUARIO (OCLC) |
| Datos de opción del usuario |
YLockward |
| 942 ## - ELEMENTOS DE PUNTO DE ACCESO ADICIONAL (KOHA) |
| Fuente del sistema de clasificación o colocación |
Dewey Decimal Classification |
| Tipo de ítem Koha |
Libro |